| 000 | 00573nam a2200205 a 4500 | ||
|---|---|---|---|
| 005 | 20210219153205.0 | ||
| 008 | 991125n 000 0 spa u | ||
| 035 | _aUPN01000083295 | ||
| 100 | _aCEDRON, Sandra Marcela | ||
| 222 | _aEDUCACION EN LOS PRIMEROS AÑOS | ||
| 245 | _aIntegración : discriminar para no discriminar | ||
| 260 | _aBuenos Aires, Argentina | ||
| 300 | _a46-57 | ||
| 362 | _a2000 Año 3, no. 21, feb. | ||
| 653 | 0 | _aFAMILIA | |
| 653 | 0 | _aINTEGRACION ESCOLAR | |
| 653 | 0 | _aINTERACCION MADRE-HIJO | |
| 904 |
_aAC _b021106 |
||
| 905 | _aArticulo | ||
| 999 |
_c70607 _d70607 |
||